000 00267nam a22001097a 4500
008 170117b xxu||||| |||| 00| 0 eng d
020 _a9780763749132
041 _aeng
080 _23RD
_a618.2
245 _aESSENTIAL MEDICAL TERMINOLOGY
_cSTANFIELD, P
942 _2udc
_cBK
999 _c2991
_d2991